[Event "Heusenstamm Sparkassen op-A 6th"]
[Site "Heusenstamm"]
[Date "2019.11.23"]
[Round "4"]
[White "Modric, Vladimir"]
[Black "Kirchmann, Sascha"]
[Result "1/2-1/2"]
[WhiteElo "1930"]
[BlackElo "1708"]
[PlyCount "116"]
[EventDate "2019.11.21"]
[EventType "swiss"]
[EventRounds "7"]
[EventCountry "GER"]
[SourceTitle "CBM 194 Extra"]
[Source "ChessBase"]
[SourceDate "2020.03.31"]
[SourceVersion "1"]
[SourceVersionDate "2020.03.31"]
[SourceQuality "1"]

1. Nf3 d5 2. g3 Nf6 3. Bg2 e6 4. 0-0 Be7 5. d3 0-0 6. Nbd2 c5 7. e4 dxe4 8. dxe4 Nc6 9. c3 Qc7 10. Qe2 Rb8 11. Re1 b5 12. Nf1 Bb7 13. Bg5 h6 14. Bf4 e5 15. Bd2 Rfd8 16. Rad1 Na5 17. Nh4 Nc4 18. Bc1 Rxd1 19. Qxd1 Rd8 20. Qe2 Nd6 21. Nd2 c4 22. Nf5 Bf8 23. g4 Nd7 24. h4 g6 25. Ng3 Nc5 26. Ndf1 Nd3 27. Rd1 Re8 28. Ne3 Nf4 29. Qc2 Rd8 30. Nd5 Bxd5 31. exd5 Nxg2 32. Kxg2 Qd7 33. Qe2 Re8 34. h5 Bg7 35. g5 hxg5 36. hxg6 fxg6 37. Bxg5 Nf7 38. Bc1 Nd6 39. Ne4 Nxe4 40. Qxe4 Qf5 41. f3 Kf7 42. Rh1 Rh8 43. Rxh8 Bxh8 44. Be3 a6 45. b3 Qc8 46. d6 cxb3 47. Qd5+ Ke8 48. axb3 Kd7 49. Bc5 a5 50. c4 bxc4 51. bxc4 Bf6 52. Bb6 Bd8 53. Bxd8 Qxd8 54. Qxe5 a4 55. c5 Kc6 56. Qe4+ Kxc5 57. Qxa4 Qg5+ 58. Kf2 Qd2+ 1/2-1/2

[Event "Eschborn op"]
[Site "Eschborn"]
[Date "2019.08.16"]
[Round "1.27"]
[White "Modric, Vladimir"]
[Black "Martin, Lukas"]
[Result "1-0"]
[WhiteElo "1848"]
[BlackElo "1508"]
[PlyCount "75"]
[EventDate "2019.08.16"]
[EventType "swiss"]
[EventRounds "5"]
[EventCountry "GER"]
[SourceTitle "EXT 2024"]
[Source "ChessBase"]
[SourceDate "2023.10.10"]
[SourceVersion "1"]
[SourceVersionDate "2023.10.10"]
[SourceQuality "1"]

1. b3 c5 2. Bb2 Nc6 3. e3 e6 4. g3 Nf6 5. Bg2 Be7 6. Ne2 Qc7 7. d3 0-0 8. 0-0 b5 9. a4 b4 10. Nd2 a5 11. h3 Bb7 12. e4 Rac8 13. f4 d5 14. e5 Nd7 15. Qe1 Ba6 16. g4 Nb6 17. f5 c4 18. f6 Bc5+ 19. d4 c3 20. dxc5 cxb2 21. Rb1 Qxe5 22. cxb6 Qxe2 23. Qxe2 Bxe2 24. fxg7 Kxg7 25. Rf2 Ba6 26. Rxb2 Rb8 27. Nf3 Rxb6 28. Rb1 Ne7 29. Rd1 Rc8 30. Rdd2 Rbc6 31. Ne5 R6c7 32. Nxf7 Rf8 33. Ng5 Rxf2 34. Rxf2 Bc8 35. Bf1 h6 36. Nf7 Nc6 37. Nd6 Nd4 38. Ne8+ 1-0

[Event "Rhein Main op-B 22nd"]
[Site "Bad Homburg"]
[Date "2019.06.20"]
[Round "3"]
[White "Modric, Vladimir"]
[Black "Bazilius, Augustinas"]
[Result "1/2-1/2"]
[WhiteElo "1929"]
[BlackElo "1569"]
[PlyCount "84"]
[EventDate "2019.06.19"]
[EventType "swiss"]
[EventRounds "7"]
[EventCountry "GER"]
[SourceTitle "EXT 2020"]
[Source "ChessBase"]
[SourceDate "2019.10.17"]
[SourceVersion "1"]
[SourceVersionDate "2019.10.17"]
[SourceQuality "1"]

1. Nf3 Nf6 2. g3 g6 3. Bg2 Bg7 4. 0-0 0-0 5. d3 d5 6. Nbd2 c5 7. e4 e6 8. c3 dxe4 9. dxe4 Nc6 10. Qe2 e5 11. Nc4 Qe7 12. a4 Be6 13. Nfxe5 Bxc4 14. Nxc4 Rfe8 15. Bg5 h6 16. Bxf6 Qxf6 17. Rad1 Qe6 18. Rd6 Qe7 19. Rfd1 Rad8 20. Qe3 Rxd6 21. Nxd6 Rd8 22. Qxc5 Bf8 23. Qb5 Rxd6 24. Rxd6 Qxd6 25. Qxb7 Qd1+ 26. Bf1 Qxa4 27. b4 Nxb4 28. Bc4 Qe8 29. cxb4 Qe7 30. Qd5 Kg7 31. f4 Qc7 32. b5 Qc5+ 33. Kg2 Qxd5 34. Bxd5 f6 35. Kf3 g5 36. h3 Bd6 37. Bc6 Kf7 38. Kg4 gxf4 39. gxf4 Bb4 40. Kf5 Bd2 41. h4 Bc1 42. h5 Bd2 1/2-1/2

[Event "Heusenstamm Sparkassen op-A 5th"]
[Site "Heusenstamm"]
[Date "2018.11.24"]
[Round "5"]
[White "Modric, Vladimir"]
[Black "Huschens, Matthias"]
[Result "0-1"]
[WhiteElo "1893"]
[BlackElo "1989"]
[PlyCount "64"]
[EventDate "2018.11.22"]
[EventType "swiss"]
[EventRounds "7"]
[EventCountry "GER"]
[SourceTitle "CBM 188 Extra"]
[Source "ChessBase"]
[SourceDate "2019.02.26"]
[SourceVersion "1"]
[SourceVersionDate "2019.02.26"]
[SourceQuality "1"]

1. Nf3 d6 2. e4 c5 3. d3 Nc6 4. g3 Bg4 5. h3 Bh5 6. g4 Bg6 7. Bg2 e5 8. Nc3 h5 9. g5 h4 10. Nd5 Nge7 11. Ne3 Nd4 12. c3 Ne6 13. Qa4+ Qd7 14. Qxd7+ Kxd7 15. Ng4 Nc6 16. Be3 Be7 17. Rd1 Rh5 18. d4 cxd4 19. cxd4 exd4 20. Nxd4 Bxg5 21. Nxc6 bxc6 22. Bxg5 Rxg5 23. 0-0 Nf4 24. e5 d5 25. Rfe1 Rb8 26. b3 Bh5 27. Rd4 Bxg4 28. hxg4 Rxg4 29. Kf1 Nxg2 30. Rxg4 Nxe1 31. Kxe1 Rh8 32. Rxg7 h3 0-1

[Event "Heusenstamm Sparkassen op-A 5th"]
[Site "Heusenstamm"]
[Date "2018.11.23"]
[Round "2"]
[White "Benninger, Rudolf"]
[Black "Modric, Vladimir"]
[Result "1/2-1/2"]
[WhiteElo "2042"]
[BlackElo "1893"]
[PlyCount "36"]
[EventDate "2018.11.22"]
[EventType "swiss"]
[EventRounds "7"]
[EventCountry "GER"]
[SourceTitle "CBM 188 Extra"]
[Source "ChessBase"]
[SourceDate "2019.02.26"]
[SourceVersion "1"]
[SourceVersionDate "2019.02.26"]
[SourceQuality "1"]

1. e4 Nf6 2. e5 Nd5 3. d4 d6 4. c4 Nb6 5. exd6 exd6 6. Nc3 Nc6 7. Be3 Bf5 8. Rc1 Be7 9. Nf3 0-0 10. Be2 Bf6 11. 0-0 d5 12. cxd5 Nxd5 13. Nxd5 Qxd5 14. Bc4 Qd6 15. Qd2 Qb4 16. Qxb4 Nxb4 17. Bb3 c6 18. Rc3 Be4 1/2-1/2

[Event "Eschborn op"]
[Site "Eschborn"]
[Date "2018.10.07"]
[Round "5"]
[White "Tietzen, Stefan"]
[Black "Modric, Vladimir"]
[Result "1/2-1/2"]
[WhiteElo "2146"]
[BlackElo "1810"]
[PlyCount "38"]
[EventDate "2018.10.05"]
[EventType "swiss"]
[EventRounds "5"]
[EventCountry "GER"]
[SourceTitle "CBM 187 Extra"]
[Source "ChessBase"]
[SourceDate "2018.11.04"]
[SourceVersion "1"]
[SourceVersionDate "2018.11.04"]
[SourceQuality "1"]

1. e4 d6 2. d4 c6 3. f4 d5 4. e5 g6 5. Nf3 Bg7 6. Bd3 Nh6 7. Nbd2 Bg4 8. Nf1 Nf5 9. Bxf5 Bxf5 10. Ne3 Be4 11. 0-0 Bxf3 12. Rxf3 e6 13. c3 h5 14. Qb3 Qb6 15. Qc2 Nd7 16. b4 a5 17. Rb1 axb4 18. Rxb4 Qa6 19. Rf2 b5 1/2-1/2

[Event "Eschborn op"]
[Site "Eschborn"]
[Date "2018.10.06"]
[Round "3"]
[White "Lee, Kwan Ho Matthew"]
[Black "Modric, Vladimir"]
[Result "1/2-1/2"]
[WhiteElo "1558"]
[BlackElo "1810"]
[PlyCount "57"]
[EventDate "2018.10.05"]
[EventType "swiss"]
[EventRounds "5"]
[EventCountry "GER"]
[SourceTitle "CBM 187 Extra"]
[Source "ChessBase"]
[SourceDate "2018.11.04"]
[SourceVersion "1"]
[SourceVersionDate "2018.11.04"]
[SourceQuality "1"]

1. d4 d6 2. e4 Nf6 3. Nc3 g6 4. f4 Bg7 5. Nf3 0-0 6. Bd3 Na6 7. Qe2 c5 8. dxc5 Nxc5 9. 0-0 Bg4 10. h3 Bxf3 11. Rxf3 Nxd3 12. cxd3 Rc8 13. f5 Nd7 14. Bd2 Ne5 15. Rf2 Nc6 16. Kh1 a6 17. fxg6 hxg6 18. Raf1 e6 19. Qg4 b5 20. Bg5 Qd7 21. Bf6 b4 22. Nd5 Ne5 23. Ne7+ Qxe7 24. Bxe7 Nxg4 25. hxg4 Bd4 26. Re2 Rfe8 27. Bxd6 Kg7 28. g3 Rh8+ 29. Kg2 1/2-1/2

[Event "Eschborn op"]
[Site "Eschborn"]
[Date "2018.10.05"]
[Round "1"]
[White "Buchholz, Maja Patricia"]
[Black "Modric, Vladimir"]
[Result "0-1"]
[WhiteElo "1384"]
[BlackElo "1810"]
[PlyCount "80"]
[EventDate "2018.10.05"]
[EventType "swiss"]
[EventRounds "5"]
[EventCountry "GER"]
[SourceTitle "CBM 187 Extra"]
[Source "ChessBase"]
[SourceDate "2018.11.04"]
[SourceVersion "1"]
[SourceVersionDate "2018.11.04"]
[SourceQuality "1"]

1. c4 Nf6 2. Nf3 g6 3. g3 Bg7 4. Bg2 d6 5. Nc3 0-0 6. 0-0 e5 7. d3 a5 8. Rb1 Nc6 9. a3 h6 10. b4 axb4 11. axb4 Be6 12. b5 Ne7 13. Bb2 Qd7 14. Re1 Bh3 15. Bh1 Nh5 16. Nd2 Rab8 17. Ra1 f5 18. e3 f4 19. exf4 exf4 20. Qe2 fxg3 21. hxg3 Nxg3 22. Qxe7 Qg4 23. Qe6+ Qxe6 24. Rxe6 Bxe6 25. fxg3 Bd4+ 26. Kh2 Rf2+ 27. Bg2 Rxd2 28. Rb1 Rxb2 29. Rxb2 Bxc3 30. Re2 Kf7 31. Rf2+ Ke7 32. Rf4 Rf8 33. Re4 Kd7 34. Rh4 h5 35. Kg1 Bg4 36. Bxb7 Bd4+ 37. Kg2 Rf2+ 38. Kh1 g5 39. Rh2 Rf1+ 40. Kg2 Rg1# 0-1

[Event "Wiesbaden op 30th"]
[Site "Wiesbaden"]
[Date "2018.08.23"]
[Round "1"]
[White "Modric, Vladimir"]
[Black "Neukirchner, Pascal"]
[Result "1/2-1/2"]
[WhiteElo "1867"]
[BlackElo "2303"]
[PlyCount "62"]
[EventDate "2018.08.23"]
[EventType "swiss"]
[EventRounds "7"]
[EventCountry "GER"]
[SourceTitle "CBM 186 Extra"]
[Source "ChessBase"]
[SourceDate "2018.08.24"]
[SourceVersion "1"]
[SourceVersionDate "2018.08.24"]
[SourceQuality "1"]

1. Nf3 c5 2. g3 Nc6 3. Bg2 d5 4. 0-0 e5 5. d3 f6 6. Nbd2 Bg4 7. c3 Qd7 8. Re1 Nh6 9. e4 d4 10. c4 Nf7 11. a3 Be7 12. Rb1 a5 13. Qa4 0-0 14. Nf1 Bh3 15. Bd2 g5 16. Qc2 Kg7 17. Rec1 h5 18. b4 cxb4 19. axb4 Bxb4 20. Bxh3 Qxh3 21. c5 h4 22. Qc4 Qg4 23. Bxb4 Nxb4 24. N1d2 Rh8 25. Qb5 Rh7 26. Qxb7 Rah8 27. Rf1 Nxd3 28. Qe7 hxg3 29. fxg3 Rxh2 30. Qxf6+ Kxf6 31. Nxh2+ Qf4 1/2-1/2

[Event "Rhein Main op-B 21st"]
[Site "Bad Homburg"]
[Date "2018.06.03"]
[Round "7"]
[White "Modric, Vladimir"]
[Black "Bajorski, Leszek"]
[Result "1/2-1/2"]
[WhiteElo "1869"]
[BlackElo "1970"]
[PlyCount "86"]
[EventDate "2018.05.30"]
[EventType "swiss"]
[EventRounds "7"]
[EventCountry "GER"]
[SourceTitle "EXT 2019"]
[Source "ChessBase"]
[SourceDate "2018.10.10"]
[SourceVersion "1"]
[SourceVersionDate "2018.10.10"]
[SourceQuality "1"]

1. Nf3 Nf6 2. g3 e6 3. Bg2 c5 4. 0-0 d5 5. d3 Be7 6. Nbd2 Nc6 7. e4 b5 8. Re1 Qc7 9. Nf1 Ba6 10. c3 dxe4 11. dxe4 Rd8 12. Qc2 e5 13. Ne3 0-0 14. Nf5 b4 15. c4 Nd4 16. N3xd4 cxd4 17. b3 Bc5 18. Qd3 Nd7 19. Qf3 Qb6 20. h4 Rfe8 21. h5 Bf8 22. Bh3 Bc8 23. Bg5 f6 24. Bd2 Nc5 25. Kh2 a5 26. Rg1 g6 27. hxg6 hxg6 28. Nh4 Bxh3 29. Kxh3 Kf7 30. Kg2 Be7 31. Rh1 Rh8 32. Rh2 Rdg8 33. Rah1 Qb7 34. Re1 f5 35. exf5 Bxh4 36. fxg6+ Kxg6 37. Qxb7 Nxb7 38. Rxh4 Rxh4 39. gxh4 Kf5+ 40. Bg5 Nc5 41. f3 Ne6 42. Kf2 Nxg5 43. hxg5 Rxg5 1/2-1/2

[Event "Rhein Main op-B 21st"]
[Site "Bad Homburg"]
[Date "2018.06.01"]
[Round "4"]
[White "Bahlo, Jens"]
[Black "Modric, Vladimir"]
[Result "1/2-1/2"]
[WhiteElo "1987"]
[BlackElo "1869"]
[PlyCount "57"]
[EventDate "2018.05.30"]
[EventType "swiss"]
[EventRounds "7"]
[EventCountry "GER"]
[SourceTitle "EXT 2019"]
[Source "ChessBase"]
[SourceDate "2018.10.10"]
[SourceVersion "1"]
[SourceVersionDate "2018.10.10"]
[SourceQuality "1"]

1. e4 Nf6 2. e5 Nd5 3. Nc3 e6 4. d4 d6 5. Bd2 Nc6 6. Nf3 dxe5 7. dxe5 Nxc3 8. Bxc3 Qxd1+ 9. Kxd1 Bc5 10. Bb5 Bxf2 11. Bxc6+ bxc6 12. Nd4 Ba6 13. Kc1 c5 14. Nf3 0-0 15. b3 Rfd8 16. Ba5 Rd7 17. c4 Rad8 18. Rf1 Be3+ 19. Kc2 Bb7 20. Rae1 Be4+ 21. Kb2 Bd3 22. Rh1 Bf2 23. Rd1 Be2 24. Rd2 Rxd2+ 25. Nxd2 Bd4+ 26. Kc1 Rd7 27. Re1 Bd3 28. Nf3 Bg6 29. Nxd4 1/2-1/2

[Event "Wiesbaden op 29th"]
[Site "Wiesbaden"]
[Date "2017.08.24"]
[Round "1"]
[White "Modric, Vladimir"]
[Black "Werner, Rosalie"]
[Result "1-0"]
[WhiteElo "1894"]
[BlackElo "1373"]
[PlyCount "49"]
[EventDate "2017.08.24"]
[EventType "swiss"]
[EventRounds "7"]
[EventCountry "GER"]
[SourceTitle "CBM 180 Extra"]
[Source "ChessBase"]
[SourceDate "2017.10.06"]
[SourceVersion "1"]
[SourceVersionDate "2017.10.06"]
[SourceQuality "1"]

1. Nf3 e6 2. b3 d5 3. Bb2 Nf6 4. e3 Be7 5. Be2 c5 6. 0-0 Nc6 7. Bb5 a6 8. Bxc6+ bxc6 9. d3 0-0 10. Nbd2 Qc7 11. Ne5 Bd6 12. f4 Nd7 13. Nxd7 Bxd7 14. Nf3 f6 15. Qe1 e5 16. fxe5 fxe5 17. Qh4 Rf6 18. e4 Rh6 19. Qe1 Rf8 20. Bc1 Rh5 21. Bd2 Rf6 22. Ng5 Rg6 23. Qf2 Rhxg5 24. Qf7+ Kh8 25. Qf8+ 1-0

[Event "Vellmar op 9th"]
[Site "Vellmar"]
[Date "2017.07.16"]
[Round "7"]
[White "Modric, Vladimir"]
[Black "Koronowski, Heinz Juergen"]
[Result "1/2-1/2"]
[WhiteElo "1903"]
[BlackElo "1753"]
[PlyCount "60"]
[EventDate "2017.07.13"]
[EventType "swiss"]
[EventRounds "7"]
[EventCountry "GER"]
[SourceTitle "CBM 179 Extra"]
[Source "ChessBase"]
[SourceDate "2017.08.23"]
[SourceVersion "1"]
[SourceVersionDate "2017.08.23"]
[SourceQuality "1"]

1. Nf3 Nf6 2. g3 g6 3. Bg2 Bg7 4. 0-0 d5 5. d3 0-0 6. Nbd2 c6 7. c3 Nbd7 8. Qc2 Qc7 9. e4 dxe4 10. dxe4 Ne5 11. Re1 Nxf3+ 12. Nxf3 e5 13. Be3 Bg4 14. h3 Bxf3 15. Bxf3 Rfd8 16. Red1 b6 17. a4 Rxd1+ 18. Rxd1 Rd8 19. Rxd8+ Qxd8 20. a5 Bf8 21. axb6 axb6 22. Qa4 c5 23. Qc6 Qd6 24. Qxd6 Bxd6 25. Bg5 Kg7 26. c4 h6 27. Bd2 g5 28. Kf1 Kg6 29. Ke2 h5 30. Kd3 Ne8 1/2-1/2

[Event "Vellmar op 9th"]
[Site "Vellmar"]
[Date "2017.07.14"]
[Round "3"]
[White "Modric, Vladimir"]
[Black "Geisler, Reinhard"]
[Result "1-0"]
[WhiteElo "1903"]
[BlackElo "1835"]
[PlyCount "43"]
[EventDate "2017.07.13"]
[EventType "swiss"]
[EventRounds "7"]
[EventCountry "GER"]
[SourceTitle "CBM 179 Extra"]
[Source "ChessBase"]
[SourceDate "2017.08.23"]
[SourceVersion "1"]
[SourceVersionDate "2017.08.23"]
[SourceQuality "1"]

1. c4 c5 2. g3 g6 3. Bg2 Bg7 4. Nc3 Nc6 5. a3 e6 6. Rb1 a5 7. e3 Nge7 8. Nge2 d5 9. cxd5 Nxd5 10. 0-0 0-0 11. Qb3 Nde7 12. Na4 Qc7 13. Nxc5 b6 14. Na4 Rb8 15. d4 Ba6 16. Re1 Rfd8 17. Nf4 Qd6 18. Nc3 e5 19. Ne4 Qc7 20. Ng5 exf4 21. Qxf7+ Kh8 22. Ne6 1-0

[Event "Hofheim Spring op-B 5th"]
[Site "Hofheim"]
[Date "2017.04.10"]
[Round "7"]
[White "Wolf, Philipp"]
[Black "Modric, Vladimir"]
[Result "1/2-1/2"]
[WhiteElo "1717"]
[BlackElo "1901"]
[PlyCount "60"]
[EventDate "2017.04.07"]
[EventType "swiss"]
[EventRounds "9"]
[EventCountry "GER"]
[SourceTitle "CBM 178 Extra"]
[Source "ChessBase"]
[SourceDate "2017.06.22"]
[SourceVersion "1"]
[SourceVersionDate "2017.06.22"]
[SourceQuality "1"]

1. e4 e6 2. d4 d5 3. Nd2 dxe4 4. Nxe4 Bd7 5. Nf3 Bc6 6. Bd3 Nd7 7. 0-0 Ngf6 8. Qe2 Nxe4 9. Bxe4 Bxe4 10. Qxe4 c6 11. Bf4 Nf6 12. Qe2 Be7 13. Rad1 0-0 14. Rd3 Qa5 15. a3 Qf5 16. Bd2 c5 17. Re1 Rfd8 18. c4 cxd4 19. Nxd4 Qg4 20. Nf3 Rxd3 21. Qxd3 Rd8 22. Qc2 Qg6 23. Qxg6 hxg6 24. b4 a5 25. Rc1 Ne4 26. Be1 Rd3 27. Ra1 Bf6 28. Rb1 Rxa3 29. bxa5 Bc3 30. Rxb7 Bxe1 1/2-1/2

[Event "Heusenstamm Sparkassen op-A 3rd"]
[Site "Heusenstamm"]
[Date "2016.11.27"]
[Round "7"]
[White "Modric, Vladimir"]
[Black "Berkes, Joerg"]
[Result "0-1"]
[WhiteElo "1928"]
[BlackElo "1833"]
[PlyCount "30"]
[EventDate "2016.11.24"]
[EventType "swiss"]
[EventRounds "7"]
[EventCountry "GER"]
[SourceTitle "EXT 2018"]
[Source "ChessBase"]
[SourceDate "2017.10.13"]
[SourceVersion "1"]
[SourceVersionDate "2017.10.13"]
[SourceQuality "1"]

1. d4 Nf6 2. Nf3 g6 3. Bf4 Bg7 4. e3 Nh5 5. Be5 f6 6. Bg3 d6 7. Bc4 Bg4 8. c3 d5 9. Be2 Nxg3 10. hxg3 Qd6 11. Nbd2 Qb6 12. Qc2 e5 13. dxe5 fxe5 14. 0-0-0 Nd7 15. Rxh7 Rxh7 0-1

[Event "Forchheim op-B 15th"]
[Site "Forchheim"]
[Date "2016.10.02"]
[Round "4"]
[White "Knoll, Ernst"]
[Black "Modric, Vladimir"]
[Result "0-1"]
[WhiteElo "1607"]
[BlackElo "1960"]
[PlyCount "104"]
[EventDate "2016.10.01"]
[EventType "swiss"]
[EventRounds "5"]
[EventCountry "GER"]
[SourceTitle "EXT 2019"]
[Source "ChessBase"]
[SourceDate "2018.10.10"]
[SourceVersion "1"]
[SourceVersionDate "2018.10.10"]
[SourceQuality "1"]

1. c4 Nf6 2. Nc3 d5 3. cxd5 Nxd5 4. e4 Nxc3 5. bxc3 g6 6. d4 Bg7 7. Nf3 c5 8. Bb5+ Bd7 9. Qa4 0-0 10. 0-0 Bxb5 11. Qxb5 cxd4 12. cxd4 Qd7 13. Qxd7 Nxd7 14. Ba3 Rfc8 15. Rac1 e6 16. Rfd1 Nb6 17. Rxc8+ Rxc8 18. Bc5 Nd7 19. Bb4 Rc4 20. a3 b6 21. h3 a5 22. Be7 Bf8 23. Bxf8 Kxf8 24. d5 e5 25. Nd2 Rd4 26. Kf1 Nc5 27. f3 Rd3 28. Ke2 Rxa3 29. Rb1 Na4 30. Kf1 Rc3 31. Ra1 Nc5 32. Rb1 Nd7 33. Rb2 a4 34. Nb1 Rc1+ 35. Ke2 Ke7 36. Kd2 Rc8 37. Nc3 Rc4 38. Ra2 Nc5 39. Nb5 Nb3+ 40. Ke1 Rc1+ 41. Kf2 Nc5 42. Ke2 Rb1 43. Nc3 Rb4 44. Kd1 b5 45. Kd2 Nb3+ 46. Ke3 Nd4 47. g3 Rb3 48. Kd2 Nxf3+ 49. Kc2 f5 50. Nxb5 Rxb5 51. Rxa4 Nd4+ 52. Kd3 Rb3+ 0-1

[Event "Wiesbaden op 28th"]
[Site "Wiesbaden"]
[Date "2016.08.27"]
[Round "4"]
[White "Modric, Vladimir"]
[Black "Ross, Norbert"]
[Result "1-0"]
[WhiteElo "1986"]
[BlackElo "1789"]
[PlyCount "105"]
[EventDate "2016.08.25"]
[EventType "swiss"]
[EventRounds "7"]
[EventCountry "GER"]
[SourceTitle "CBM 174 Extra"]
[Source "ChessBase"]
[SourceDate "2016.10.10"]
[SourceVersion "1"]
[SourceVersionDate "2016.10.10"]
[SourceQuality "1"]

1. c4 c5 2. g3 g6 3. Bg2 Bg7 4. Nc3 Nc6 5. e3 e6 6. Nge2 Nge7 7. 0-0 0-0 8. a3 a6 9. Rb1 Rb8 10. b4 cxb4 11. axb4 b5 12. c5 a5 13. bxa5 b4 14. Ne4 Ba6 15. d4 Qxa5 16. Bd2 Nd5 17. Ra1 Qb5 18. Nf4 Nxf4 19. gxf4 Ra8 20. Nd6 Qb8 21. Re1 Ra7 22. Qb3 Bb7 23. Bxb4 Rxa1 24. Rxa1 Nxd4 25. exd4 Bxg2 26. Kxg2 Bxd4 27. Rc1 Qa8+ 28. Qf3 Qa6 29. Qe4 Ba1 30. Bc3 Bxc3 31. Rxc3 f5 32. Qf3 Rb8 33. Ra3 Qc6 34. Qxc6 dxc6 35. Ra6 Rb4 36. Kg3 h5 37. Rxc6 h4+ 38. Kxh4 Rxf4+ 39. Kg5 Rxf2 40. Kxg6 Rg2+ 41. Kf6 f4 42. Rc8+ Kh7 43. Rc7+ Kh6 44. Kxe6 Re2+ 45. Kf6 Rg2 46. Nf5+ Kh5 47. Rh7+ Kg4 48. h3+ Kf3 49. Nh4+ Kf2 50. Nxg2 Kxg2 51. Ke5 f3 52. c6 f2 53. Rf7 1-0

[Event "Wiesbaden op 28th"]
[Site "Wiesbaden"]
[Date "2016.08.25"]
[Round "1"]
[White "Masoudi, Kian"]
[Black "Modric, Vladimir"]
[Result "0-1"]
[WhiteElo "1594"]
[BlackElo "1986"]
[PlyCount "85"]
[EventDate "2016.08.25"]
[EventType "swiss"]
[EventRounds "7"]
[EventCountry "GER"]
[SourceTitle "CBM 174 Extra"]
[Source "ChessBase"]
[SourceDate "2016.10.10"]
[SourceVersion "1"]
[SourceVersionDate "2016.10.10"]
[SourceQuality "1"]

1. e4 c5 2. d4 cxd4 3. c3 g6 4. Nf3 Bg7 5. Bc4 d3 6. Qxd3 Nc6 7. 0-0 Nf6 8. Rd1 0-0 9. Qe2 Qc7 10. Na3 a6 11. Nc2 d6 12. h3 b5 13. Bd5 Bb7 14. Ne3 e6 15. Bxc6 Bxc6 16. Ng4 Nxe4 17. Nh6+ Kh8 18. Nh2 Bd5 19. f3 Nf6 20. N6g4 h5 21. Nxf6 Bxf6 22. Bh6 Rfd8 23. Qe3 Qc5 24. Nf1 Rac8 25. Kh1 Qxe3 26. Bxe3 b4 27. Bb6 Rd7 28. cxb4 Bxb2 29. Rab1 Be5 30. a4 Rb7 31. a5 Ba2 32. Rbc1 Rbb8 33. Rxc8+ Rxc8 34. Nd2 f5 35. Be3 Rc2 36. f4 Bc3 37. b5 axb5 38. a6 Bd5 39. a7 Bxd2 40. Bxd2 Ra2 41. Bc3+ Kg8 42. Bd4 Rxg2 43. Bb6 0-1

[Event "Rhein Main op-A 19th"]
[Site "Bad Homburg"]
[Date "2016.05.28"]
[Round "5"]
[White "Hahn, Florian"]
[Black "Modric, Vladimir"]
[Result "1/2-1/2"]
[WhiteElo "2110"]
[BlackElo "1976"]
[PlyCount "46"]
[EventDate "2016.05.25"]
[EventType "swiss"]
[EventRounds "7"]
[EventCountry "GER"]
[SourceTitle "EXT 2017"]
[Source "ChessBase"]
[SourceDate "2016.10.25"]
[SourceVersion "1"]
[SourceVersionDate "2016.10.25"]
[SourceQuality "1"]

1. Nf3 d5 2. g3 Nf6 3. Bg2 c6 4. c4 Bf5 5. cxd5 cxd5 6. Qb3 Qb6 7. Qxb6 axb6 8. Nc3 e6 9. d3 Be7 10. Bf4 0-0 11. h3 h6 12. 0-0 Na6 13. Rfc1 Rac8 14. Nb5 Rfd8 15. Rc3 Rxc3 16. bxc3 Rc8 17. Rb1 Nd7 18. Nd2 g5 19. Be3 Bg6 20. c4 Nb4 21. cxd5 Nxd5 22. Ne4 Nxe3 23. fxe3 Rc2 1/2-1/2